<?xml version="1.0" encoding="UTF-8"?>
<record
    xmlns:xsi="http://www.w3.org/2001/XMLSchema-instance"
    xsi:schemaLocation="http://www.loc.gov/MARC21/slim http://www.loc.gov/standards/marcxml/schema/MARC21slim.xsd"
    xmlns="http://www.loc.gov/MARC21/slim">

  <leader>01214nam a2200145   4500</leader>
  <controlfield tag="008">707 C578c</controlfield>
  <datafield tag="020" ind1=" " ind2=" ">
    <subfield code="a">9789872182236</subfield>
  </datafield>
  <datafield tag="082" ind1=" " ind2=" ">
    <subfield code="a">707</subfield>
    <subfield code="b">C578c</subfield>
  </datafield>
  <datafield tag="100" ind1=" " ind2=" ">
    <subfield code="a">Converti, Julia (coordinaci&#xF3;n)</subfield>
    <subfield code="9">7308</subfield>
  </datafield>
  <datafield tag="245" ind1=" " ind2=" ">
    <subfield code="a">Circuitos Latinoamericanos. Circuitos de los medios </subfield>
    <subfield code="b">interacci&#xF3;n, roles y perspectivas</subfield>
  </datafield>
  <datafield tag="260" ind1=" " ind2=" ">
    <subfield code="a">Buenos Aires</subfield>
    <subfield code="b">Fundaci&#xF3;n arteBA</subfield>
    <subfield code="c">2006</subfield>
  </datafield>
  <datafield tag="300" ind1=" " ind2=" ">
    <subfield code="a">212 p.</subfield>
    <subfield code="b">il.</subfield>
    <subfield code="c">22 x 15 cm</subfield>
  </datafield>
  <datafield tag="505" ind1=" " ind2=" ">
    <subfield code="t">19/05. Cambios y efectos del arte latinoamericano en los medios masivos de comunicaci&#xF3;n norteamericanos a trav&#xE9;s de las notas y cr&#xED;ticas a exposiciones</subfield>
    <subfield code="t">20/05. Presencia del arte latinoamericano en las revistas de arte internacionales, ediciones en ingl&#xE9;s (USA - Europa)</subfield>
    <subfield code="t">21/05. Revistas de arte regionales desde y de Am&#xE9;rica Latina y Espa&#xF1;a. Direcciones editoriales y circuitos de distribuci&#xF3;n regionales e internacionales</subfield>
    <subfield code="t">22/05. Revistas de cr&#xED;tica cultural en la regi&#xF3;n. Su pol&#xED;tica editorial ligada al arte latinoamericano</subfield>
    <subfield code="t">23/05. Diarios de gran circulaci&#xF3;n: pol&#xED;tica editorial y mercado de arte latinoamericano </subfield>
  </datafield>
  <datafield tag="650" ind1=" " ind2=" ">
    <subfield code="x">arte contempor&#xE1;neo</subfield>
    <subfield code="x">arte latinoamericano</subfield>
    <subfield code="x">arte - investigaci&#xF3;n</subfield>
    <subfield code="x">arte - revistas</subfield>
    <subfield code="x">arte - editoriales</subfield>
    <subfield code="x">arte - cr&#xED;tica cultural</subfield>
    <subfield code="x">arte - medios de comunicaci&#xF3;n</subfield>
    <subfield code="9">7309</subfield>
  </datafield>
  <datafield tag="999" ind1=" " ind2=" ">
    <subfield code="c">1900</subfield>
    <subfield code="d">1900</subfield>
  </datafield>
  <datafield tag="952" ind1=" " ind2=" ">
    <subfield code="0">0</subfield>
    <subfield code="1">0</subfield>
    <subfield code="2">ddc</subfield>
    <subfield code="4">0</subfield>
    <subfield code="7">0</subfield>
    <subfield code="a">LV</subfield>
    <subfield code="b">LV</subfield>
    <subfield code="c">Pensamiento</subfield>
    <subfield code="d">2020-03-06</subfield>
    <subfield code="l">0</subfield>
    <subfield code="o">707 C578c</subfield>
    <subfield code="p">002972</subfield>
    <subfield code="r">2020-03-06 00:00:00</subfield>
    <subfield code="w">2020-03-06</subfield>
    <subfield code="y">01</subfield>
  </datafield>
</record>
